History Quiz

Random History or Year Quiz
Score 0/20 Timer 07:00
2 Plays Today
Event Answer % Correct
The first American prisoners of war are released from this country.North Vietnam
97%
Televised hearings of this scandal begin in the United States Senate.Watergate
93.4%
These twin towers officially open in New York City.World Trade Center
90.6%
This prolific Spanish painter and sculptor dies at the age of 91.Pablo Picasso
82.9%
This landmark decision by the United States Supreme Court overturns state bans on abortion.Roe v. Wade
81.4%
This American actor and philosopher dies in Hong Kong. Six days later his final film 'Enter the Dragon' is released.Bruce Lee
80.9%
The Pioneer 10 space probe sends back the first close-up images of this planet.Jupiter
80.1%
This man becomes the first person appointed to the Vice Presidency under the terms of the 25th Amendment.Gerald Ford
76.6%
The Federal Republic of Germany (West Germany) and the German Democratic Republic (East Germany), are admitted to this intergovernmental organization.The United Nations
75.2%
The price of crude oil is doubled by this cartel.OPEC
74.9%
Event Answer % Correct
US bombing of this country ends, halting 12 years of US involvement in combat in Southeast AsiaCambodia
74.8%
The Bosporus Bridge is completed, connecting these two continents over the Bosporus for the first time in history.Europe and Asia
71.7%
This American horror film starring Ellen Burstyn, Max von Sydow, and Linda Blair is released.The Exorcist
71.1%
This Pink Floyd album is released and goes on to be one of the best-selling albums worldwide.The Dark Side of the Moon
68.9%
CBS sells the New York Yankees for $10 million to a 12-person syndicate led by this man.George Steinbrenner
68.9%
This NFL team defeats the Washington Redskins in Super Bowl VII to finish the season 17-0.Miami Dolphins
67%
This horse becomes the first triple crown winner since 1948.Secretariat
65.7%
The Norrmalmstorg robbery occurs, famous for the origin of this psychological phenomenon meaning capture–bonding.Stockholm Syndrome
63.2%
LBC Radio begins broadcasting on 97.3 FM in this city.London
39.1%
This Soviet leader addresses the American people on television, the first to do so.Leonid Brezhnev
36.9%

You're not logged in!

Compare scores with friends on all Sporcle quizzes.
OR
Log In

Sporcle TV

Today on Sporcle TV


Watch our educational content, quiz creation guides, and fun videos on Sporcle TV.

Show Comments

Extras

Top Quizzes Today


Score Distribution

Paid Content

Your Account Isn't Verified!

In order to create a playlist on Sporcle, you need to verify the email address you used during registration. Go to your Sporcle Settings to finish the process.

Report this User

Report this user for behavior that violates our Community Guidelines.

Details: